000
00298nam a22001337a 4500
008
170406b xxu||||| |||| 00| 0 eng d
020
_a
0721666604
041
_a
eng
080
_a
616.15
100
_a
9
101
_a
SHM
245
_a
HEMATOLOGY OF INFANCY AND CHILDHOOD
_c
NATHAN
942
_2
udc
_c
BK
999
_c
9917
_d
9917